Novel detoxification of the trichothecene mycotoxin deoxynivalenol by a soil bacterium isolated by enrichment culture /
Enregistré dans:
| Autres auteurs: | , , , , , , |
|---|---|
| Format: | Article |
| Langue: | English |
| Sujets: | |
| Tags: |
Ajouter un tag
Pas de tags, Soyez le premier à ajouter un tag!
|
| Thư viện lưu trữ: | Thư viện Trường Đại học Đà Lạt |
|---|
| LEADER | 01168nam a2200397 4500 | ||
|---|---|---|---|
| 001 | DLU090096252 | ||
| 005 | ##20091201 | ||
| 040 | # | # | |a DLU |b eng |
| 041 | # | # | |a eng |
| 044 | # | # | |a us |
| 245 | # | # | |a Novel detoxification of the trichothecene mycotoxin deoxynivalenol by a soil bacterium isolated by enrichment culture / |c J. Shima ... [et al.]. |
| 653 | # | # | |a Biological activity |
| 653 | # | # | |a Biotransformation |
| 653 | # | # | |a Detoxication |
| 653 | # | # | |a Immunosuppressive agent |
| 653 | # | # | |a Microorganism culture |
| 653 | # | # | |a Mycotoxin |
| 653 | # | # | |a Soils |
| 653 | # | # | |a Trichothecene |
| 700 | # | # | |a Fujimoto, H. |
| 700 | # | # | |a Iwai, Y. |
| 700 | # | # | |a Ochi, K. |
| 700 | # | # | |a Shima, J. |
| 700 | # | # | |a Takahashi, Y. |
| 700 | # | # | |a Takase, S. |
| 700 | # | # | |a Yamazaki, M. |
| 773 | # | # | |t Applied and Environmental Microbiology |g Vol. 63, no. 10 (October 1997), p. 3825-3830 |
| 920 | # | # | |a Phòng Tạp chí -- Trung tâm Thông tin - Thư viện Trường Đại học Đà Lạt |
| 994 | # | # | |a DLU |
| 900 | # | # | |a True |
| 911 | # | # | |a Trương Bảo Trâm Anh |
| 925 | # | # | |a G |
| 926 | # | # | |a A |
| 927 | # | # | |a BB |
| 980 | # | # | |a Thư viện Trường Đại học Đà Lạt |